Amado Nervo : (Record no. 123745)

MARC details
000 -CABECERA
campo de control de longitud fija 00619nam a2200193 u 4500
005 - FECHA Y HORA DE LA ÚLTIMA TRANSACCIÓN
campo de control 20220601074031.0
008 - ELEMENTOS DE LONGITUD FIJA--INFORMACIÓN GENERAL
campo de control de longitud fija 070829s1992 r 000 0 eng d
035 ## - NÚMERO DE CONTROL DEL SISTEMA
Número de control de sistema UPN01000151609
040 ## - FUENTE DE LA CATALOGACIÓN
Centro catalogador/agencia de origen CG
050 #4 - SIGNATURA TOPOGRÁFICA DE LA BIBLIOTECA DEL CONGRESO
Número de clasificación PQ7297 N5
Número de documento/Ítem Z6
100 1# - ASIENTO PRINCIPAL--NOMBRE PERSONAL
Nombre de persona López Ordáz, Juan Rogelio
245 10 - MENCIÓN DE TÍTULO
Título Amado Nervo :
Resto del título mosaico biográfico /
Mención de responsabilidad, etc. Juan Rogelio López Ordáz.
260 ## - PUBLICACIÓN, DISTRIBUCIÓN, ETC.
Lugar de publicación, distribución, etc. Tepic :
Nombre del editor, distribuidor, etc. [Gobierno del Estado],
Fecha de publicación, distribución, etc. 1992.
300 ## - DESCRIPCIÓN FÍSICA
Extensión 2 v. :
Otras características físicas il.
600 14 - ASIENTO SECUNDARIO DE MATERIA - NOMBRE PERSONAL
Nombre de persona NERVO, AMADO,
Fechas asociadas al nombre 1870-1919
650 #2 - ASIENTO SECUNDARIO DE MATERIA - TERMINO TEMATICO
Término de materia o nombre geográfico como elemento de entrada Autores mexicanos
Subdivisión cronológica Siglo XX
Subdivisión de forma Biografía
9 (RLIN) 4068
650 #4 - ASIENTO SECUNDARIO DE MATERIA - TERMINO TEMATICO
Término de materia o nombre geográfico como elemento de entrada AUTORES MEXICANOS -
Subdivisión cronológica SIGLO XIX -
Subdivisión de forma BIOGRAFIA
9 (RLIN) 5170
905 ## - TIPO DE MATERIAL
Tipo de material Libro
Holdings
Estado de retiro Estado de pérdida Fuente del sistema de clasificación o colocación Estado dañado No para préstamo Código de colección Localización permanente Ubicación/localización actual Ubicación en estantería Enumeración/cronología de publicación seriada Total de préstamos Clasificación Código de barras Fecha visto por última vez Número de copia Tipo de ítem Koha
    Library of Congress Classification     Colección General Bib. Gregorio Torres Quintero Bib. Gregorio Torres Quintero Planta baja v. 1.   PQ7297 N5 Z6 214125 31/12/2020 1 Libro
    Library of Congress Classification     Colección General Bib. Gregorio Torres Quintero Bib. Gregorio Torres Quintero Planta baja v. 2.   PQ7297 N5 Z6 214126 31/12/2020 1 Libro